gminy powiatu wołomińskiego - Statystyki

Ogólne statystyki
  • Ten quiz został rozwiązany 197 razy
  • Średni wynik to 8 z 12
Odpowiedzi na mapie
Odpowiedzi zakodowano w zielono-czerwonej skali na mapie do tego quizu, zgodnie z poniższymi procentami.
 
Statystyki odpowiedzi
Gmina Odpowiedź % Poprawnych
miejsko-wiejska Wołomin
96%
miejska Marki
89%
miejska Ząbki
89%
miejska Kobyłka
88%
miejska Zielonka
88%
miejsko-wiejska Tłuszcz
82%
miejsko-wiejska Radzymin
76%
wiejska Jadów
55%
wiejska Klembów
48%
wiejska Poświętne
40%
wiejska Strachówka
37%
wiejska Dąbrówka
35%
Nie znaleziono quizów pasujących do podanych kryteriów
Rozkład punktacji
Procent ludzi z każdym wynikiem
Percentyl według liczby udzielonych odpowiedzi
Twoja historia wyników
Nie rozwiązałeś tego quizu